Geography Quiz

Random Geography or World Quiz
Score 0/30 Timer 05:00
0 Plays Today
Continent Country % Correct
AsiaIraq
81%
AsiaIndia
79.9%
AfricaEgypt
77.1%
AsiaPakistan
76%
AsiaYemen
70.4%
AfricaAlgeria
67.6%
AsiaLibya
66.5%
EuropeTurkey
65.9%
AfricaMorocco
64.2%
AfricaNigeria
64.2%
AfricaTunisia
63.1%
AsiaQatar
62.6%
South AmericaPeru
62%
South AmericaColombia
60.9%
South AmericaEcuador
57%
Continent Country % Correct
AsiaJordan
56.4%
AsiaLebanon
54.7%
AsiaKuwait
53.6%
AsiaBahrain
49.7%
AsiaMalaysia
49.2%
AsiaPalestine
40.2%
AsiaPhilippines
39.1%
AfricaSouth Africa
39.1%
AfricaGhana
38%
AfricaZimbabwe
31.3%
AsiaGeorgia
27.4%
AfricaRwanda
25.1%
AsiaKyrgyzstan
23.5%
EuropeRomania
22.3%
North AmericaTrinidad and Tobago
16.2%
Remove Ads.
Support Sporcle.
Get the best of Sporcle when you Go Orange. This ad-free experience offers more features, more stats, and more fun while also helping to support Sporcle. Thank you for becoming a member.

You're not logged in!

Compare scores with friends on all Sporcle quizzes.
OR
Log In

Sporcle TV

Today on Sporcle TV


Watch our educational content, quiz creation guides, and fun videos on Sporcle TV.

Show Comments

Extras

Top Quizzes Today


Score Distribution

Paid Content

Your Account Isn't Verified!

In order to create a playlist on Sporcle, you need to verify the email address you used during registration. Go to your Sporcle Settings to finish the process.

Report this User

Report this user for behavior that violates our Community Guidelines.

Details: